000 00318nam a2200121Ia 4500
008 191201s2011 xx 000 0 und d
100 _aSENIOR, John M
245 0 _aOptical Fiber Communication Principles and Practice
260 _aN. Delhi
_bPearson
_c2011
300 _a1076
650 _aB.Tech(ECE)
942 _2ddc
_cBK
999 _c6361
_d6361